Narrativas de riesgo, confianza y responsabilidad en el uso de Inteligencia Artificial Generativa (IAg) : (Record no. 214580)

MARC details
000 -CABECERA
campo de control de longitud fija 02283nab a2200265 ab4500
005 - FECHA Y HORA DE LA ÚLTIMA TRANSACCIÓN
campo de control 20260205120037.0
008 - ELEMENTOS DE LONGITUD FIJA--INFORMACIÓN GENERAL
campo de control de longitud fija 251016c2025 cl tr p#o# #00| spa d
003 - IDENTIFICADOR DEL NÚMERO DE CONTROL
campo de control
040 ## - FUENTE DE LA CATALOGACIÓN
Centro catalogador/agencia de origen MX-MxUPN
Lengua de catalogación spa
Centro/agencia transcriptor MX-MxUPN
Normas de descripción aacr2
100 1# - ASIENTO PRINCIPAL--NOMBRE PERSONAL
Nombre de persona Duque Parra, Juan Pablo
9 (RLIN) 58668
100 1# - ASIENTO PRINCIPAL--NOMBRE PERSONAL
Nombre de persona Santes Ortega, Alejandro Said
9 (RLIN) 58669
245 1# - MENCIÓN DE TÍTULO
Título Narrativas de riesgo, confianza y responsabilidad en el uso de Inteligencia Artificial Generativa (IAg) :
Resto del título estudio de caso en jóvenes estudiantes mexicanos
Medio [recurso electrónico en línea]
506 0# - NOTA DE RESTRICCIONES AL ACCESO
Limitaciones de acceso Acceso abierto
520 3# - NOTA DE RESUMEN, ETC.
Sumario, etc. La individualización social se intensifica con el uso de la tecnología. Según la sociología contemporánea (Beck, Luhmann y Giddens), los individuos tienden a reflexionar más sobre la responsabilidad de sus decisiones, ya que deben enfrentar los riesgos sociales, ambientales, económicos, políticos, jurídicos y, ahora, también tecnológicos a un nivel propio, lo que provoca que su confianza entre en crisis constantemente. Este trabajo se pregunta por cómo los jóvenes estudiantes asumen su individualización frente a la Inteligencia Artificial Generativa (IAg) en tres ejes analíticos: riesgo (Beck), confianza (Luhmann) y responsabilidad (Giddens). Para ello, se realizaron 220 cuestionarios cualitativos y 10 entrevistas semiestructuradas a estudiantes mexicanos (18-24 años) de universidades y preparatorias públicas y privadas de la Ciudad de México. A la información obtenida se le realizó un análisis de contenido temático que arrojó tres conclusiones: 1) la dependencia y pérdida de autonomía como riesgos mayores; 2) la desconfianza a la IA como nuevo sistema de certidumbre y 3) la responsabilidad ante la IAg como pacto social.
Fuente proveedora Psicoperspectivas.
650 #2 - ASIENTO SECUNDARIO DE MATERIA - TERMINO TEMATICO
Término de materia o nombre geográfico como elemento de entrada Inteligencia artificial
9 (RLIN) 5343
653 #0 - TERMINO DE INDIZACION - NO CONTROLADO
Término no controlado Inteligencia artificial generativa
650 #2 - ASIENTO SECUNDARIO DE MATERIA - TERMINO TEMATICO
Término de materia o nombre geográfico como elemento de entrada Confianza
9 (RLIN) 26024
650 #2 - ASIENTO SECUNDARIO DE MATERIA - TERMINO TEMATICO
Término de materia o nombre geográfico como elemento de entrada Responsabilidad
9 (RLIN) 1398
653 #4 - TERMINO DE INDIZACION - NO CONTROLADO
Término no controlado Riesgo
773 ## - ENLACE AL DOCUMENTO FUENTE/ENTRADA DE REGISTRO ANFITRIÓN
Parte(s) relacionada(s) Vol. 24, no. 2, (2025), p. 1-15
Título Psicoperspectivas : individuo y sociedad
Número Internacional Normalizado para Publicaciones Seriadas 0718-6924
856 4# - LOCALIZACIÓN Y ACCESO ELECTRÓNICOS
Identificador Uniforme del Recurso <a href="https://www.psicoperspectivas.cl/index.php/psicoperspectivas/article/view/3437">https://www.psicoperspectivas.cl/index.php/psicoperspectivas/article/view/3437</a>
856 4# - LOCALIZACIÓN Y ACCESO ELECTRÓNICOS
Identificador Uniforme del Recurso <a href="https://www.psicoperspectivas.cl/index.php/psicoperspectivas/article/view/3437/2032">https://www.psicoperspectivas.cl/index.php/psicoperspectivas/article/view/3437/2032</a>
902 ## - ELEMENTOS DE DATOS B LOCAL, LDB (RLIN)
Creó Leonor Sotres/050226
942 ## - ELEMENTOS DE PUNTO DE ACCESO ADICIONAL (KOHA)
Tipo de ítem Koha Artículo Electrónico
Holdings
Estado de retiro Estado de pérdida Estado dañado No para préstamo Código de colección Localización permanente Ubicación/localización actual Ubicación en estantería Fecha de adquisición Total de préstamos Fecha visto por última vez Identificador Uniforme del Recurso Precio válido a partir de Tipo de ítem Koha
        Acceso abierto Bib. Gregorio Torres Quintero Bib. Gregorio Torres Quintero En línea 05/02/2026   05/02/2026 https://www.psicoperspectivas.cl/index.php/psicoperspectivas/article/view/3437/2032 05/02/2026 Artículo Electrónico